000 01063nam a2200253Ia 4500
003 OSt
005 20221005104019.0
006 a|||||r|||| 00| 0
007 ta
008 221004b |||||||| |||| 00| 0 hin d
020 _a8179170985 (hbk)
_c375
024 _a97095
037 _b1925, 13/03/2009, Pioneer Books Distributors
_cTextual
040 _aCRL
_cCRL
_bhin
041 _2hin
_ahin
082 _aX:326, 152P7
100 _aहिल्टन, रोडनी, संपा.
245 0 _aसामंतवाद से पूंजीवाद में संक्रमण
_b एक दिलचस्प और गंभीर बहस
246 _aSāmantavād se pūanjīvād mean sankramaṇa: ek dilachaspa aur ganbhīr bahasa
260 _aदिल्ली
_bग्रंथ शिल्पी भारत
_c2007
300 _a212पृ0
_ccm.
942 _hX:326, 152P7
_cTEXL
_2cc
999 _c1011498
_d1011498